logo

Bir Sreshtho Munshi Abdur Rouf Library
Jhenaidah Cadet College

Tribal Culture in Bangladesh / (Record no. 7962)

MARC details
000 -LEADER
fixed length control field 00556nam a2200217 a 4500
001 - CONTROL NUMBER
JCCL Control Number 7962
003 - CONTROL NUMBER IDENTIFIER
JCCL marc code BD-JhCC
005 - DATE AND TIME OF LATEST TRANSACTION
control field 20180217084856.0
008 - FIXED-LENGTH DATA ELEMENTS--GENERAL INFORMATION
fixed length control field 180217s1975 bg a|||| || | 001 0 eng d
035 ## - SYSTEM CONTROL NUMBER
system control number (BD-JhCC)7962
040 ## - CATALOGING SOURCE
Original cataloging agency BD-JhCC
Modifying agency BD-JhCC
041 ## - LANGUAGE CODE
Language code of Book eng
082 ## - DEWEY DECIMAL CLASSIFICATION NUMBER
Classification number 301.295492
Author mark and Year SAT 1975
100 ## - MAIN ENTRY--PERSONAL NAME
Personal name Sattar, Abdus
245 ## - TITLE STATEMENT
Title Tribal Culture in Bangladesh /
Statement of responsibility, etc Abdus Sattar,
260 ## - PUBLICATION, DISTRIBUTION, ETC. (IMPRINT)
Place of publication, distribution, etc Dacca :
Name of publisher, distributor, etc Muktadhara
Date of publication, distribution, etc 1975
300 ## - PHYSICAL DESCRIPTION
Pagination 256 p. :
Dimensions 24 cm.
650 ## - SUBJECT ADDED ENTRY--TOPICAL TERM
Topical term or geographic name as entry element Manners and Customs
Geographic subdivision Bangladesh
942 ## - ADDED ENTRY ELEMENTS (KOHA)
Source of classification or shelving scheme Dewey Decimal Classification
Koha item type Books
Holdings
Source of classification or shelving scheme Damaged status Not for loan Home library Current library Shelving location Date of accession Cost, normal purchase price Total Checkouts Full call number Barcode Date last seen Copy number Koha item type
Dewey Decimal Classification     JCC Rouf Library JCC Rouf Library General Stacks 02/17/2018 40.00   301.295492 SAT 1975 10460 02/17/2018 C - 1 Books

JCC Library | Contacts | JCC Home

Last Update on 23 September 2017
Copyright @ 2017-2020 JCC Rouf Library
Rouf Library, Jhenidah Cadet College (JCC), Bangladesh